Applied economics

Saved in:
Bibliographic Details
Other Authors: GRIFFITHS, A. (Editor), WALL, S. (Editor)
Format: Book
Published: Harlow, England: Pearson Education Limited, c 2012.
Edition:12th ed.
Subjects:
Tags: Add Tag
No Tags, Be the first to tag this record!

MARC

LEADER 00000nam a2200000 4500
005 20250609054733.0
020 |a 9780273736905  |c TZS 201,111/= 
040 |a MUL  |b eng.  |e AACR 
082 |a 330 APP 
245 |a  Applied economics  |c /edited by Alan Griffiths and Stuart Wall 
250 |a 12th ed. 
260 |a Harlow, England:  |b  Pearson Education Limited,  |c c 2012. 
300 |a  xxxii, 696 p. :  |b col. ill. ;  |c 25 cm. 
504 |a Includes index p. 677 - 696 
505 |a Changes i-n the economic structure Theory of the firm Financial reports as a source of corporate information Firm objectives and firm behaviour Entrepreneurship and small/medium-sized enterprises (SMES) Mergers and acquisitions in the rowth of the firm Oligopoly The multinational corporation Privatization and deregulation Beyond markets : critical approaches to microeconomics Environmental, regional and social economics The economics of the environment Transport Health economics Distribution of income and wealth Trade unions, wages, and collective bargaining Corporate social and ethical responsibility Macroeconomics Consumption and saving Investment Public expenditure Taxation Money and monetary policy Financial institutions and markets Inflation Unemployment International economics Globalization Exchange rates and trade performance Free trade, regional trading blocs, and protectionism The European Union The bric economies : Brazil, Russia, India, and China Growth and development Managing the global economy : post +credit crunch+ A guide to sources 
546 |a eng. 
650 |a Economics 
650 |a International economics 
650 |a Environmental economics 
650 |a Social economics 
650 |a Regional economics 
700 |a GRIFFITHS, A.  |c (Editor) 
700 |a WALL, S.  |c (Editor) 
942 |c BK 
999 |c 10966  |d 10966